000 00456nam a2200145Ia 4500
008 230917s9999||||xx |||||||||||||| ||und||
040 _e41596
_aMAIN
041 _aEnglish
082 _a942 K761R
100 _aKnowles, Dom David
245 4 _aThe religious orders in England 3V. V1: , V2:The end of the middle ages. V3:The tudor age
260 _aCambridge
_bCambridge University Press
_c1979
300 _axi, 350 p. ; xiv, 522 ; ix, 407
942 _cBK
999 _c212551
_d212551